Представление документа в формате RUSMARC

Поле Инд. ПП Название Значение
Тип записи a
Библиографический уровень a
001 Контрольный номер c361eaaa47b246858e1705635b7838c0
005 Дата корректировки 20181120134552.1
100 a Данные общей обработки 20180622 ||| 0rusy0189 ca
101 0_ a Язык текста rus
102 a Страна публикации RU
200 1_ f Первые сведения об ответственности М.Н. Козюк
a Заглавие Медиация в социальном и правовом государстве
210 d Дата издания 2018
461 _0 1 2000
a Государственная власть и местное самоуправление
463 _0 1 2000
a №3
v С. 15-19
1 2101
d 2018
1 001d3a4ae125e5244778cc8bae8019a6108
606 a Основная рубрика Гражданское процессуальное право
610 0_ a Ключевые слова МЕДИАЦИЯ; АЛЬТЕРНАТИВНОЕ РАЗРЕШЕНИЕ СПОРОВ
700 _1 a Фамилия Козюк
b Имя М.Н.
801 _0 a Страна RU
b Организация РГУП
c Дата составления 20180622
g Правила каталогизации PSBO
801 _1 a Страна RU
b Организация РГУП
c Дата составления 20180622
g Правила каталогизации PSBO
901 t Тип документа b
w Контрольный № источника d3a4ae125e5244778cc8bae8019a6108
905 a Дата ввода 20180622